000 00367nam a2200121Ia 4500
008 170224s9999 xx 000 0 und d
245 _aIncreasing gender and ethnic diversity in the health care workforce: The case of Arab male nurses in Israel
260 _bNursing Outlook
260 _c2015
300 _a63:6
500 _aNovember/December
650 _xNursing.
999 _c317048
_d317048